000 00605nam a2200229Ia 4500
003 OSt
005 20230426095613.0
008 210423s2012 xx 000 0 und d
020 _a9789327227666
040 _cAL
041 _aeng
082 _a332 GUPS
_223
100 _aGUPTA (Shashi K);others
_993130
245 _aFinancial institutions and markets
260 _aNew Delhi
_bKalyani Publishers
_c2012
300 _a21.22
_bPB
365 _b395
_cINR
650 _aEconomics
_993131
650 _aFinancial Economics
_993132
906 _aFinancial ; institutions ; markets
942 _2ddc
_cBK
999 _c161688
_d161688